000 00458nam a2200205Ia 4500
001 13222
003 GE_BSU
008 181216s||||||||xx |||||||||||||| ||und||
020 _a9780778304005
040 _cGE_BSU
080 _a821.111-3
100 _aArmintrout,Jennifer.
245 _aBlood ties possession.
260 _aSurrey.
260 _bMira Books.
260 _c2010
300 _a378p;20cm.
653 _aBlood ties possession.
942 _cBK
999 _c46386
_d46386